Welcome to the Holygrace Academy Library

Please use search bar below to get started

STARWARS EPISODE III (Record no. 4995)

MARC details
000 -LEADER
fixed length control field 00321nam a22001337a 4500
020 ## - INTERNATIONAL STANDARD BOOK NUMBER
ISBN 0-439-96072-X
082 ## - DEWEY DECIMAL CLASSIFICATION NUMBER
Classification number 823
Item number WRE/S
100 ## - MAIN ENTRY--AUTHOR NAME
Personal name WREDE, PATRICIA C
245 ## - TITLE STATEMENT
Title STARWARS EPISODE III
Remainder of title REVENGE OF THE SITH
260 ## - PUBLICATION, DISTRIBUTION, ETC. (IMPRINT)
Place of publication NEW YORK
Name of publisher SCHOLASTIC
Year of publication 2005
300 ## - PHYSICAL DESCRIPTION
Number of Pages 185
650 ## - SUBJECT ADDED ENTRY--TOPICAL TERM
Topical Term NOVEL
Geographic subdivision UNITED STATES
942 ## - ADDED ENTRY ELEMENTS (KOHA)
Koha item type Books
Holdings
Withdrawn status Lost status Collection code Home library Current library Shelving location Date acquired Source of acquisition Full call number Accession Number Koha item type
    Fiction Main Library Main Library SHELF 15B-U,V,W SECTION NOVELS& FICTION 22/03/2014 purchase 823 WRE/S 08119 Books
    Fiction Main Library Main Library SHELF 15B-U,V,W SECTION NOVELS& FICTION 19/06/2010 purchase 823 WRE/S 05456 Books